000
00278nam a2200109Ia 4500
008
210107s9999 xx 000 0 und d
100
_a
Iyer, Ramaswamy
245
0
_a
Water, perspectives, issues, concerns
260
_a
New Delhi
_b
SAGE Publications
300
_a
368
942
_c
BK
999
_c
11566
_d
11566